Report of the expert commitee on unemployment amonmg Indian Seamen (Record no. 495709)

000 -LEADER
fixed length control field 00398cam a22001097a 4500
008 - FIXED-LENGTH DATA ELEMENTS--GENERAL INFORMATION
fixed length control field 180718b1969 xxu||||| |||| 00| 0 eng d
082 ## - DEWEY DECIMAL CLASSIFICATION NUMBER
Classification number R112x54 In2e
245 ## - TITLE STATEMENT
Title Report of the expert commitee on unemployment amonmg Indian Seamen
Statement of responsibility, etc. by Ministry of Shipping and Transport
260 ## - PUBLICATION, DISTRIBUTION, ETC.
Place of publication, distribution, etc. New Delhi
Name of publisher, distributor, etc. Government of India
Date of publication, distribution, etc. 1969
300 ## - PHYSICAL DESCRIPTION
Extent xvii, 142p
700 ## - ADDED ENTRY--PERSONAL NAME
Personal name India. Ministry of Shipping and Transport
Holdings
Withdrawn status Lost status Damaged status Not for loan Permanent Location Current Location Date acquired Full call number Barcode Date last seen Price effective from Koha item type
        Indian Institute of Public Administration Indian Institute of Public Administration 2018-08-04 R112x54 In2e GG10389 2018-08-04 2018-08-04 GG

Powered by Koha